Mathematical methods in chemical engineering (Record no. 25039)

000 -LEADER
fixed length control field 00548nam a22002051 4500
001 - CONTROL NUMBER
control field 25039
003 - CONTROL NUMBER IDENTIFIER
control field BD-DhUET
008 - FIXED-LENGTH DATA ELEMENTS--GENERAL INFORMATION
fixed length control field 730313s1963 xx 000 0 eng
040 ## - CATALOGING SOURCE
Original cataloging agency DLC
Transcribing agency OClU
Modifying agency BD-DhUET
082 ## - DEWEY DECIMAL CLASSIFICATION NUMBER
Classification number 660.28
Item number JEN/1963
100 ## - MAIN ENTRY--PERSONAL NAME
Personal name Jenson, V. G.
245 10 - TITLE STATEMENT
Title Mathematical methods in chemical engineering
250 ## - EDITION STATEMENT
Edition statement 1st ed.
260 ## - PUBLICATION, DISTRIBUTION, ETC. (IMPRINT)
Place of publication, distribution, etc. London
Name of publisher, distributor, etc. Academic Press
Date of publication, distribution, etc. 1963
300 ## - PHYSICAL DESCRIPTION
Extent xi, 556 p.
Other physical details illus.
Dimensions 24cm.
504 ## - BIBLIOGRAPHY, ETC. NOTE
Bibliography, etc Includes bibliographies
650 #0 - SUBJECT ADDED ENTRY--TOPICAL TERM
Topical term or geographic name as entry element Chemical engineering
700 ## - ADDED ENTRY--PERSONAL NAME
Personal name Jeffreys, G. V.
942 ## - ADDED ENTRY ELEMENTS (KOHA)
Koha item type General Book
Holdings
Not for loan Koha full call number Price effective from Damaged status Lost status Piece designation (barcode) Koha item type Location (home branch) Shelving location Koha date last seen Copy number Date acquired Sublocation or collection (holding branch) Koha normalized classification for sorting Withdrawn status Source of classification or shelving scheme
 660.28/JEN/19632015-05-12  22438General BookCentral Library, BUETCirculation section2015-05-1212015-05-12Central Library, BUET660_280000000000000_JEN_1963  
 660.28/JEN/19632015-05-12  22440General BookCentral Library, BUETCirculation section2015-05-1222015-05-12Central Library, BUET660_280000000000000_JEN_1963  
 660.28/JEN/19632015-05-12  22434General BookCentral Library, BUETCirculation section2015-05-1232015-05-12Central Library, BUET660_280000000000000_JEN_1963  
 660.28/JEN/19632015-05-18  22432General BookCentral Library, BUETCirculation section2015-05-1842015-05-18Central Library, BUET660_280000000000000_JEN_1963  
 660.28/JEN/19632015-05-18  22435General BookCentral Library, BUETCirculation section2015-05-1852015-05-18Central Library, BUET660_280000000000000_JEN_1963  
 660.28/JEN/19632015-05-18  29450General BookCentral Library, BUETCirculation section2015-05-1862015-05-18Central Library, BUET660_280000000000000_JEN_1963  
 660.28/JEN/19632015-05-18  29449General BookCentral Library, BUETCirculation section2015-05-1872015-05-18Central Library, BUET660_280000000000000_JEN_1963  
 660.28/JEN/19632015-05-18  29448General BookCentral Library, BUETCirculation section2015-05-1882015-05-18Central Library, BUET660_280000000000000_JEN_1963  
 660.28/JEN/19632015-05-18  29457General BookCentral Library, BUETCirculation section2015-05-1892015-05-18Central Library, BUET660_280000000000000_JEN_1963  
 660.28/JEN/19632015-05-18  29454General BookCentral Library, BUETCirculation section2015-05-18102015-05-18Central Library, BUET660_280000000000000_JEN_1963  
 660.28/JEN/19632015-05-18  29453General BookCentral Library, BUETCirculation section2015-05-18112015-05-18Central Library, BUET660_280000000000000_JEN_1963  
 660.28/JEN/19632015-05-18  29451General BookCentral Library, BUETCirculation section2015-05-18122015-05-18Central Library, BUET660_280000000000000_JEN_1963  
 660.28/JEN/19632015-05-18  22431General BookCentral Library, BUETCirculation section2015-05-18132015-05-18Central Library, BUET660_280000000000000_JEN_1963  
 660.28/JEN/19632015-05-18  29452General BookCentral Library, BUETCirculation section2015-05-18142015-05-18Central Library, BUET660_280000000000000_JEN_1963  
 660.28/JEN/19632015-05-18  22436General BookCentral Library, BUETCirculation section2015-05-18152015-05-18Central Library, BUET660_280000000000000_JEN_1963  
 660.28/JEN/19632015-06-17  29456Reading ItemCentral Library, BUETReading section2015-06-17162015-06-17Central Library, BUET660_280000000000000_JEN_1963  
 660.28/JEN/19632015-06-18  29455.Reading ItemCentral Library, BUETReading section2015-06-18172015-06-18Central Library, BUET660_280000000000000_JEN_1963  
 660.28/JEN/19632015-07-10  22439Reading ItemCentral Library, BUETReading section2015-07-10182015-07-10Central Library, BUET660_280000000000000_JEN_1963